01035 a2200217 4500003000500000005001700005040000900022082001000031100003100041245007300072260003300145300001400178505033500192538003100527650001400558651001100572942000800583999001900591952010400610952010300714Nust20170207153154.0 cNust a005.8 aRehman, Atiqur ( MSIS-2) aTechniques of physical side channel crypt analysiscAtiqur Rehman  bMCS (NUST)c2008aRawalpindi ax, 91, p. aIntroduction (page-1) History of side channel cryptanalysis (page-6) Physical implementation attacks (page-10) Side channel cryptanalysis (page-15)Timing analysis (page-25) Power analysis (page-37) Fault analysis (page-42) SCA attack approaches (page-58) Standards (page-66) Countermeasures against SCA (page-75) Summary (page-83) a Almirah No.70 Shelf No.4 aPG Thesis aMSIS-2 cTHS c180693d180693 00102ddc40708NFICaMCSbMCSd2016-12-12l0o005.8 REHpMCSTIS-126r2016-12-08w2016-12-12yBK 00102ddc40708NFICaMCSbMCSd2016-12-12l0o005.8 REHpMCSTIS-35r2016-12-08w2016-12-12yBK